MARC

LEADER 00000nam0a2200000 4500
001 305781
005 20231102001831.0
035 |a (RuTPU)RU\TPU\book\331053 
090 |a 305781 
100 |a 20150930d1983 m y0rusy50 ca 
101 0 |a rus  |a eng 
102 |a RU 
105 |a y j 000zy 
200 1 |a Учебник английского языка  |e для II курса филологических факультетов университетов  |f Т. И. Матюшкина-Герке [и др.] 
205 |a 3rd ed. 
210 |a Москва  |c Высшая школа  |d 1983 
215 |a 400 с. 
510 1 |a A Course of English  |z eng  |e second year 
606 1 |a Английский язык  |x Учебные руководства и пособия  |x Учебные руководства и пособия для высшей школы  |2 stltpush  |3 (RuTPU)RU\TPU\subj\29071  |9 52483 
610 1 |a лексика 
610 1 |a грамматика 
610 1 |a разговорная речь 
610 1 |a упражнения 
610 1 |a аудирование 
610 1 |a чтение 
686 |a Ш143.21-923  |v LBC/SL-A  |2 rubbk 
701 1 |a Матюшкина-Герке  |b Т. И. 
701 1 |a Иванова  |b Л. Л. 
701 1 |a Балашова  |b С. П. 
701 1 |a Кузьмичева  |b Т. Н. 
801 1 |a RU  |b 63413507  |c 20150930 
801 2 |a RU  |b 63413507  |c 20180601  |g RCR 
942 |c BK